McDonald and Avery's Dentistry for the Child and adolescent (Record no. 26792)

MARC details
000 -LEADER
fixed length control field 00393nam a22001577a 4500
003 - CONTROL NUMBER IDENTIFIER
control field SGT
020 ## - INTERNATIONAL STANDARD BOOK NUMBER
International Standard Book Number 9780323698204
082 ## - DEWEY DECIMAL CLASSIFICATION NUMBER
Classification number 617.645
Item number M22D
100 ## - MAIN ENTRY--PERSONAL NAME
Personal name Dean, Jeffrey A.
245 ## - TITLE STATEMENT
Title McDonald and Avery's Dentistry for the Child and adolescent
250 ## - EDITION STATEMENT
Edition statement 11th ed.
260 ## - PUBLICATION, DISTRIBUTION, ETC. (IMPRINT)
Place of publication, distribution, etc Netherlands
Name of publisher, distributor, etc Elsevier
Year of Publication 2022
300 ## - PAGE DESCRIPTION
No. of Pages 734
650 ## - SUBJECT ADDED ENTRY--TOPICAL TERM
Topical term or geographic name as entry element Pediatric Dentistry
942 ## - ADDED ENTRY ELEMENTS (KOHA)
Source of classification or shelving scheme Dewey Decimal Classification
Koha item type Books
942 ## - ADDED ENTRY ELEMENTS (KOHA)
-- 4
Holdings
Withdrawn status Lost status Source of classification or shelving scheme Damaged status Not for loan Home library Current library Shelving location Date acquired Vendor Name Cost, normal purchase price SGTU Bill Number Total Checkouts Full call number Accession No. (Barcode) Date last seen Date last borrowed Koha item type Checked out
    Dewey Decimal Classification     SGT Dental Library SGT Dental Library Reference Book 14/08/2024 Ahuja Book Co. Pvt. Ltd. 12570.00 SGTU 19153 12 617.645 M22D FD9358 19/01/2026 16/01/2026 Books  
    Dewey Decimal Classification     SGT Dental Library SGT Dental Library Reference Book 14/08/2024 Ahuja Book Co. Pvt. Ltd. 12570.00 SGTU 19153 14 617.645 M22D FD9359 11/12/2025 11/12/2025 Books  
    Dewey Decimal Classification     SGT Dental Library SGT Dental Library Reference Book 14/08/2024 Ahuja Book Co. Pvt. Ltd. 12570.00 SGTU 19153 6 617.645 M22D FD9360 29/05/2026 29/05/2026 Books 12/06/2026